000
00329 a2200157 4500
001
50446
020
_a
040
_c
Anchieta - Bela Vista
100
_a
Gouveia, Luis Augusto
240
1
0
_a
Sonhos de Ícaro
_l
245
1
0
_a
Sonhos de Ícaro
300
_a
31
362
0
_a
2001
650
4
_a
Literatura juvenil
942
_c
BK
999
_c
50446
_d
50446